000 00290nam a2200109Ia 4500
005 20251222114345.0
008 251222s1900||||xx |||||||||||||| ||spa||
082 _aDVD0092/C76
245 0 _aCultura moderna y postmoderna.
264 _bConsorcio de centros educativos católicos.
942 _cDVD
999 _c1011
_d1011